[Event "Cambridge Int Open 2023"]
[Site "Cambridge ENG"]
[Date "2023.02.18"]
[Round "7.33"]
[White "Patel, Zain"]
[Black "Berkley, Stephen W"]
[Result "1/2-1/2"]
[WhiteElo "1890"]
[BlackElo "1615"]
[WhiteFideId "469246"]
[BlackFideId "486850"]
[EventDate "2023.02.15"]

1. d4 e6 2. c4 f5 3. g3 Nf6 4. Bg2 c6 5. Nf3 d5 6. Ne5 Bd6 7. f4 Nbd7 8. O-O O-O
9. b3 Qe7 10. Nd2 Ne4 11. Ndf3 Ndf6 12. c5 Bc7 13. Qd3 Nd7 14. b4 a6 15. a4 Nef6
16. Ba3 Nxe5 17. Nxe5 Bxe5 18. fxe5 Ne4 19. b5 axb5 20. axb5 Bd7 21. Bxe4 fxe4
22. Rxf8+ Rxf8 23. Qe3 Be8 24. b6 Bh5 25. Bc1 Qf7 26. Qf4 Qxf4 27. gxf4 Bxe2 28.
Ra7 Rf7 29. f5 Bg4 30. f6 Bh3 31. Bf4 h6 32. Ra3 Bf5 33. Ra8+ Rf8 34. Ra7 Rf7
35. h4 Kh7 36. h5 Bg4 37. Ra8 Bxh5 38. Rc8 Kg6 39. Rc7 1/2-1/2

[Event "Cambridge Int Open 2023"]
[Site "Cambridge ENG"]
[Date "2023.02.18"]
[Round "7.34"]
[White "Sefton, Adam"]
[Black "Brocklehurst, Andrew"]
[Result "0-1"]
[WhiteElo "1529"]
[BlackElo "1816"]
[WhiteFideId "343400965"]
[BlackFideId "424765"]
[EventDate "2023.02.15"]

1. e4 c5 2. Nc3 Nc6 3. Bb5 d6 4. Bxc6+ bxc6 5. d3 g6 6. f4 Bg7 7. Nf3 Rb8 8. O-O
e6 9. Qe1 Ne7 10. Qh4 Ng8 11. Qe1 Ne7 12. Qh4 Ng8 13. Qxd8+ Kxd8 14. Nd2 Ne7 15.
e5 dxe5 16. fxe5 Bxe5 17. Rxf7 Ke8 18. Rf1 Nd5 19. Nde4 Nb4 20. Bf4 Bxf4 21.
Rxf4 Nd5 22. Nxd5 cxd5 23. Nxc5 Rxb2 24. c4 Rf8 25. Rxf8+ Kxf8 26. cxd5 exd5 27.
d4 Bf5 28. Nb3 Ke7 29. Rc1 Kd6 30. Nc5 Be4 31. Nxe4+ dxe4 32. Rc5 e3 33. Kf1
Rf2+ 34. Kg1 Rxa2 35. Kf1 a5 36. h4 a4 37. g4 a3 38. Ra5 Rf2+ 39. Ke1 a2 40. Ra3
Rb2 41. Ra6+ Kd5 0-1

[Event "Cambridge Int Open 2023"]
[Site "Cambridge ENG"]
[Date "2023.02.18"]
[Round "7.36"]
[White "Zhu, Pengxiao"]
[Black "Smart, Michael R"]
[Result "0-1"]
[WhiteElo "1437"]
[BlackElo "1957"]
[WhiteFideId "499307"]
[BlackFideId "411370"]
[EventDate "2023.02.15"]

1. d4 Nf6 2. c4 c5 3. d5 e6 4. Nc3 exd5 5. cxd5 d6 6. e4 g6 7. Nge2 Bg7 8. Ng3
a6 9. a4 b6 10. Be2 Nbd7 11. h4 h5 12. Bg5 Qc7 13. Qd2 Bb7 14. Bf4 c4 15. Qd4
Rc8 16. Nf1 O-O 17. Ne3 Rfe8 18. Kf1 Nxe4 19. Qd1 Nxc3 20. bxc3 b5 21. g4 Re4
22. Bg3 hxg4 23. Bxg4 Rce8 24. Qf3 Bxc3 25. Rb1 Qc5 26. Bxd7 R8e7 27. Ng4 Re1+
28. Kg2 Bxd5 29. Nf6+ Bxf6 30. Rbxe1 Bxf3+ 31. Kxf3 Rxd7 32. axb5 Qd5+ 33. Re4
Re7 0-1

[Event "Cambridge Int Open 2023"]
[Site "Cambridge ENG"]
[Date "2023.02.18"]
[Round "7.40"]
[White "Bryant, Harry"]
[Black "Rastogi, Nayan Keats"]
[Result "1/2-1/2"]
[WhiteElo "1686"]
[BlackElo "1421"]
[WhiteFideId "489158"]
[BlackFideId "343407579"]
[EventDate "2023.02.15"]

1. Nf3 Nf6 2. c4 g6 3. b3 Bg7 4. Bb2 d6 5. e3 O-O 6. Be2 Nbd7 7. d4 c6 8. Nbd2
Re8 9. e4 e5 10. dxe5 dxe5 11. Qc2 c5 12. O-O-O Qc7 13. Nf1 Ng4 14. Bd3 Nb8 15.
h3 Nf6 16. g4 Nc6 17. Ne3 Nd4 18. Nxd4 exd4 19. Nd5 Nxd5 20. exd5 Bh6+ 21. Kb1
Bd7 22. Bc1 Bf4 23. Rhe1 Bxc1 24. Qxc1 Rxe1 25. Rxe1 Qd6 26. Qg5 Re8 27. Rxe8+
Bxe8 28. Kb2 f6 29. Qd2 Qe7 30. Qa5 b6 31. Qd2 Qe5 32. f4 Qe7 33. Kc2 Kf8 34.
Qf2 Bd7 35. Qf3 Qe1 36. Be2 Qa1 37. a4 Qa2+ 38. Kd1 Qa1+ 39. Kd2 Qb2+ 40. Ke1
Qc1+ 41. Kf2 Qd2 42. Kg3 Qe1+ 43. Kg2 Qd2 44. Kf1 Qc1+ 45. Bd1 Qc3 46. Qxc3 dxc3
47. Ke2 h5 48. Kd3 h4 49. Kxc3 a5 50. Kd3 Ke7 51. Ke4 Kd6 52. Be2 Be8 53. Bf3
Bd7 54. Be2 f5+ 55. Ke3 Bc8 56. Bf3 Bd7 57. Bd1 Bc8 58. Kf3 Bd7 59. Kg2 Bc8 60.
gxf5 gxf5 61. Bh5 Bd7 62. Bf7 Bc8 63. Kf3 Bd7 64. Ke3 Bc8 65. Kd3 Bd7 66. Kc3
Bc8 67. Bh5 Bd7 68. Bd1 Bc8 69. b4 axb4+ 70. Kb3 Bd7 71. Bc2 Kc7 72. Bb1 Kd6 73.
Bc2 Kc7 74. Bd1 Kd6 75. Bh5 Kc7 76. Bf7 Kd6 1/2-1/2

[Event "Cambridge Int Open 2023"]
[Site "Cambridge ENG"]
[Date "2023.02.18"]
[Round "7.41"]
[White "Gonzales, Ceferino"]
[Black "Pride, Stephen C"]
[Result "1-0"]
[WhiteElo "1509"]
[BlackElo "1533"]
[WhiteFideId "5219590"]
[BlackFideId "419680"]
[EventDate "2023.02.15"]

1. c4 g6 2. Nc3 Bg7 3. e4 d6 4. d4 e6 5. Bd3 Nd7 6. Nge2 Ne7 7. Be3 b6 8. Qd2 h6
9. f4 e5 10. fxe5 dxe5 11. d5 Bb7 12. Ng3 Nf6 13. h3 Qd7 14. Bc2 Kf8 15. O-O Kg8
16. b4 Rf8 17. Rad1 Kh7 18. Ba4 Qd8 19. c5 Ba6 20. b5 Bc8 21. Bb3 a5 22. Na4 Bd7
23. c6 Be8 24. d6 Nc8 25. d7 Bxd7 26. cxd7 Nd6 27. Qd3 Qxd7 28. Nxb6 cxb6 29.
Qxd6 Qxb5 30. Qxb6 Qxb6 1-0

[Event "Cambridge Int Open 2023"]
[Site "Cambridge ENG"]
[Date "2023.02.18"]
[Round "7.43"]
[White "Larchikov, Maksym"]
[Black "Warner, Nicholas"]
[Result "1-0"]
[WhiteElo "1901"]
[BlackElo "1735"]
[WhiteFideId "34120815"]
[BlackFideId "343414400"]
[EventDate "2023.02.15"]

1. d4 d5 2. Nf3 Nf6 3. c4 e6 4. Nc3 c6 5. e3 Nbd7 6. Qc2 Be7 7. b3 O-O 8. Bd3 b6
9. O-O Ba6 10. e4 dxe4 11. Nxe4 Nxe4 12. Bxe4 Nf6 13. Bxc6 Rc8 14. Be4 Nxe4 15.
Qxe4 Bf6 16. Ba3 Re8 17. Rfd1 Qc7 18. Rac1 Bb7 19. Qe2 Rcd8 20. Ne5 Bxe5 21.
dxe5 Qc6 22. f3 g5 23. Qe3 h6 24. h3 Kh7 25. Kh2 Qc7 26. Rd6 f5 27. Rcd1 Rxd6
28. exd6 Qd7 29. Qe5 Bc8 30. Bb2 Qf7 31. d7 Bxd7 32. Qc7 1-0

[Event "Cambridge Int Open 2023"]
[Site "Cambridge ENG"]
[Date "2023.02.18"]
[Round "7.44"]
[White "Hertog, Alexander"]
[Black "Lazarevic, Ljubica"]
[Result "1/2-1/2"]
[WhiteElo "1641"]
[BlackElo "1495"]
[WhiteFideId "488453"]
[BlackFideId "418765"]
[EventDate "2023.02.15"]

1. d4 d5 2. c4 e6 3. Nf3 c6 4. g3 Bd6 5. Bg2 Nf6 6. O-O O-O 7. b3 Nbd7 8. Bb2
Re8 9. Nbd2 e5 10. dxe5 Nxe5 11. Nxe5 Bxe5 12. Bxe5 Rxe5 13. cxd5 Nxd5 14. Nc4
Re8 15. Qd2 Be6 16. e4 Nf6 17. Qxd8 Raxd8 18. e5 Bxc4 19. bxc4 Rxe5 20. Rab1 Rd7
21. Bh3 Rde7 22. Rfd1 b6 23. Rd6 c5 24. Rd8+ Re8 25. Rxe8+ Rxe8 26. a4 Ne4 27.
Bd7 Rd8 28. Bb5 Nc3 29. Rb3 Ne4 30. a5 Nd6 31. axb6 axb6 32. Ba6 Rb8 33. Rd3 Nf5
34. Rd5 Nd4 35. Rd6 Kf8 36. Bb5 Nxb5 37. cxb5 Ke7 38. Rc6 Kd7 39. Kf1 Rc8 40.
Rxb6 c4 41. Ke1 Rc5 42. Rb7+ Rc7 43. Rb6 Rc5 44. Rb7+ Rc7 45. Rb6 Rc5 1/2-1/2

[Event "Cambridge Int Open 2023"]
[Site "Cambridge ENG"]
[Date "2023.02.18"]
[Round "7.45"]
[White "Latypova, Olga L"]
[Black "Catabay, Rezin C"]
[Result "1/2-1/2"]
[WhiteElo "1754"]
[BlackElo "1597"]
[WhiteFideId "472476"]
[BlackFideId "487686"]
[EventDate "2023.02.15"]

1. e4 e5 2. Nf3 Nf6 3. Nxe5 d6 4. Nf3 Nxe4 5. Nc3 Nf6 6. d4 d5 7. Bd3 Be7 8. h3
O-O 9. O-O b6 10. Re1 Bb7 11. Ne2 c5 12. dxc5 bxc5 13. Ng3 h6 14. Nf5 Re8 15. c3
Nc6 16. Bb5 Bd6 17. Rxe8+ Nxe8 18. Qa4 Qc7 19. Qg4 Ne5 20. Nxe5 Bxe5 21. Nxh6+
Kf8 22. Nf5 Nd6 23. Nxd6 Qxd6 24. Bd3 Re8 25. Bg5 d4 26. Qh4 g6 27. Bb5 Rb8 28.
f4 Bg7 29. Re1 Qd5 30. Bf1 dxc3 31. bxc3 Bxc3 32. Bf6 Bxf6 33. Qxf6 Qd4+ 34.
Qxd4 cxd4 35. Rd1 Rd8 36. Bc4 Be4 37. Kf2 f5 38. g3 Kg7 39. Bd3 Kf6 40. g4 g5
41. Kg3 a5 42. fxg5+ Kxg5 43. h4+ Kf6 44. g5+ Ke5 45. h5 f4+ 46. Kg4 Bxd3 47.
Rxd3 Ke4 48. Rd1 d3 49. Re1+ Kd4 50. g6 d2 51. Rd1 Ke3 52. h6 f3 53. h7 Ke2 54.
g7 Kxd1 55. g8=Q Rxg8+ 56. hxg8=Q f2 57. Qb3+ Kc1 58. Qc3+ Kd1 59. Qf3+ Kc1 60.
Qxf2 d1=Q+ 61. Kh4 Qh1+ 62. Kg5 Qd5+ 63. Kh4 Qd8+ 64. Kh5 Qd1+ 65. Kh4 Qa4+ 66.
Kh5 Kb1 67. Kg5 Qb5+ 68. Kg6 Qb2 69. Qe1+ 1/2-1/2

[Event "Cambridge Int Open 2023"]
[Site "Cambridge ENG"]
[Date "2023.02.18"]
[Round "7.46"]
[White "Gardner, Phillip K"]
[Black "Portheault, Benjamin"]
[Result "1-0"]
[WhiteElo "1814"]
[BlackElo "1498"]
[WhiteFideId "413690"]
[BlackFideId "456373"]
[EventDate "2023.02.15"]

1. e4 g6 2. d4 Bg7 3. Nf3 d6 4. h3 Nf6 5. Bd3 O-O 6. Be3 Nc6 7. c3 h6 8. Qd2 Kh7
9. d5 Nb8 10. c4 e5 11. dxe6 Bxe6 12. Nc3 c6 13. O-O Na6 14. Rfd1 Nc5 15. e5
Nxd3 16. exf6 Qxf6 17. Qxd3 Rfd8 18. Bd4 Qf5 19. Qxf5 Bxf5 20. Bxg7 Kxg7 21. Rd2 1-0

[Event "Cambridge Int Open 2023"]
[Site "Cambridge ENG"]
[Date "2023.02.18"]
[Round "7.47"]
[White "Chantrell, Paul"]
[Black "Swanson, George"]
[Result "1-0"]
[WhiteElo "1572"]
[BlackElo "1792"]
[WhiteFideId "451967"]
[BlackFideId "343413889"]
[EventDate "2023.02.15"]

1. e4 c6 2. Ne2 d5 3. e5 Bf5 4. Ng3 e6 5. Nxf5 exf5 6. d4 Nd7 7. Bd3 g6 8. O-O
Bg7 9. Re1 Nf8 10. b3 Ne6 11. c3 Ne7 12. f4 O-O 13. Rf1 Qd7 14. Ba3 Rfe8 15. g3
Rac8 16. Qe2 a6 17. b4 b5 18. Nd2 Ra8 19. Nb3 Kh8 20. Bc1 Ng8 21. Be3 Nh6 22. h3
Ng8 23. Na5 Nh6 24. a3 Bf8 25. Ra2 Be7 26. h4 Ra7 27. Rfa1 Bd8 28. Nb3 Bb6 29.
a4 Rea8 30. Qd1 Ng4 31. Bf2 Qc7 32. a5 Nxf2 33. Kxf2 Bxd4+ 34. cxd4 Qe7 35. Qd2
h5 36. Rc2 Rc7 37. Rac1 Rac8 38. Ke3 Kg7 39. Qc3 Kg8 40. Be2 Kh7 41. Qd2 Kh6 42.
Bf3 Qd7 43. Kf2 Qd8 44. Nc5 Nxc5 45. Rxc5 Qd7 46. e6 fxe6 47. Re1 Kg7 48. Re5
Kf6 49. Re1 Re8 50. Qe2 Rcc8 51. Qe5+ Kf7 52. Ke2 Qc7 53. Qe3 Qd6 54. Kd3 Ke7
55. Rec1 Kd7 56. Qe2 Rh8 57. Qe5 Qxe5 58. fxe5 Rhf8 59. Ke3 1-0

[Event "Cambridge Int Open 2023"]
[Site "Cambridge ENG"]
[Date "2023.02.18"]
[Round "7.50"]
[White "Moni, Claudio"]
[Black "Li, Reya"]
[Result "1/2-1/2"]
[WhiteElo "1562"]
[BlackElo "1474"]
[WhiteFideId "487465"]
[BlackFideId "486892"]
[EventDate "2023.02.15"]

1. Nf3 Nf6 2. g3 d5 3. Bg2 Bf5 4. O-O e6 5. d3 c6 6. c4 Nbd7 7. cxd5 exd5 8. Qb3
Qb6 9. Qc2 Bd6 10. Nc3 O-O 11. e4 dxe4 12. dxe4 Bg6 13. Nh4 Rfe8 14. Nxg6 hxg6
15. Be3 Qa5 16. h3 Bc5 17. Bd2 Qc7 18. Bf4 Bd6 19. Bxd6 Qxd6 20. Rad1 Qc5 21. a3
Nb6 22. b4 Qc4 23. Rc1 Rad8 24. Rfd1 Kf8 25. Bf1 Qe6 26. f3 Nh5 27. Kg2 Nc4 28.
Bxc4 Qxc4 29. Qb2 Qe6 30. Ne2 1/2-1/2

[Event "Cambridge Int Open 2023"]
[Site "Cambridge ENG"]
[Date "2023.02.18"]
[Round "7.51"]
[White "Hariharan, Shambavi"]
[Black "Weersing, Nathan"]
[Result "1-0"]
[WhiteElo "1491"]
[BlackElo "1451"]
[WhiteFideId "488160"]
[BlackFideId "467936"]
[EventDate "2023.02.15"]

1. d4 d5 2. c4 Nf6 3. Nf3 Bf5 4. g3 e6 5. Bg2 Nbd7 6. O-O c6 7. Qb3 Qb6 8. c5
Qxb3 9. axb3 Be7 10. Nc3 O-O 11. b4 Ne4 12. Bf4 h5 13. Nxe4 Bxe4 14. Ne5 Bxg2
15. Kxg2 Nxe5 16. Bxe5 f6 17. Bf4 g5 18. Bd2 Kh7 19. Rfe1 f5 20. f3 f4 21. e3
fxg3 22. hxg3 Kg6 23. e4 Rf7 24. exd5 exd5 25. Rf1 Bf6 26. Rae1 Raf8 27. f4 Kh7
28. fxg5 Bxd4 29. g6+ Kg7 30. gxf7 Rxf7 31. Bc3 Bf6 32. Bxf6+ Rxf6 33. Rxf6 Kxf6
34. Kf3 b6 35. cxb6 axb6 36. Rc1 Ke6 37. Rxc6+ Ke5 38. Ke2 Ke4 39. Rxb6 d4 40.
Rh6 d3+ 41. Kd2 Kf3 42. Rxh5 1-0

[Event "Cambridge Int Open 2023"]
[Site "Cambridge ENG"]
[Date "2023.02.18"]
[Round "7.54"]
[White "Walker, Heather Enid"]
[Black "Sellen, John"]
[Result "1/2-1/2"]
[WhiteElo "1280"]
[BlackElo "1547"]
[WhiteFideId "343402127"]
[BlackFideId "432300"]
[EventDate "2023.02.15"]

1. e4 c5 2. Nf3 Nc6 3. Bb5 d6 4. O-O Bd7 5. c3 a6 6. Be2 Nf6 7. d3 g6 8. Re1 Bg7
9. Nbd2 O-O 10. Nf1 Qc7 11. Ng3 b5 12. d4 cxd4 13. cxd4 Rfe8 14. Bd2 Qb6 15. Be3
Qb7 16. d5 Na5 17. Rc1 Rec8 18. Qd3 Nc4 19. Bd4 Ng4 20. Bxg7 Kxg7 21. Qd4+ Kg8
22. Bxc4 bxc4 23. h3 Nf6 24. Re2 Bb5 25. Rec2 Nd7 26. b3 cxb3 27. Rxc8+ Rxc8 28.
Rxc8+ Qxc8 29. axb3 Qc1+ 30. Kh2 Qc2 31. b4 Qc4 1/2-1/2

[Event "Cambridge Int Open 2023"]
[Site "Cambridge ENG"]
[Date "2023.02.18"]
[Round "8.2"]
[White "Korneev, Oleg"]
[Black "Grieve, Harry"]
[Result "1/2-1/2"]
[WhiteTitle "GM"]
[BlackTitle "IM"]
[WhiteElo "2485"]
[BlackElo "2442"]
[WhiteFideId "4156803"]
[BlackFideId "426520"]
[EventDate "2023.02.15"]

1. d4 d5 2. Nf3 e6 3. Bf4 Nf6 4. e3 c5 5. c3 Bd6 6. Bb5+ Nc6 7. Bg3 O-O 8. Nbd2
Bxg3 9. hxg3 Qb6 10. Qa4 Bd7 11. O-O e5 12. dxe5 Nxe5 13. Bxd7 Nexd7 14. c4 Rfd8
15. Qc2 1/2-1/2

[Event "Cambridge Int Open 2023"]
[Site "Cambridge ENG"]
[Date "2023.02.18"]
[Round "8.3"]
[White "Golubovic, Boris"]
[Black "Clarke, Brandon G I"]
[Result "1-0"]
[WhiteTitle "IM"]
[BlackTitle "IM"]
[WhiteElo "2349"]
[BlackElo "2473"]
[WhiteFideId "14502160"]
[BlackFideId "400319"]
[EventDate "2023.02.15"]

1. e4 c5 2. c3 Nf6 3. e5 Nd5 4. Nf3 Nc6 5. Bc4 Nb6 6. Bb3 c4 7. Bc2 d6 8. exd6
Qxd6 9. O-O Bg4 10. Re1 O-O-O 11. Na3 Qf6 12. Qe2 Bxf3 13. gxf3 Kb8 14. b3 cxb3
15. axb3 Nd5 16. Nc4 Nf4 17. Qf1 Rd5 18. d4 Rh5 19. Re4 Nh3+ 20. Kg2 e6 21. Rg4
Be7 22. Be4 Rc8 23. Bxc6 Rxc6 24. Ne5 Rxe5 25. dxe5 Qf5 26. Be3 Ng5 27. Bxg5
Bxg5 28. Qb1 Qxe5 29. Qxh7 Rxc3 30. Qg8+ Rc8 31. Qxf7 Qxa1 32. Rxg5 Qf6 33. Qxg7
Qxg7 34. Rxg7 a5 35. h4 Ka7 36. f4 Ka6 37. Rg6 Kb5 38. Rxe6 Rh8 39. Kh3 Rh7 40.
f5 Kb4 41. f6 b5 42. Re3 Rf7 43. Rf3 a4 44. bxa4 bxa4 45. Kg4 a3 46. Rxa3 Rxf6
47. Rf3 Rg6+ 48. Kf5 1-0

[Event "Cambridge Int Open 2023"]
[Site "Cambridge ENG"]
[Date "2023.02.18"]
[Round "8.4"]
[White "Fernandez, Daniel Howard"]
[Black "Itgelt, Khuyagtsogt"]
[Result "1-0"]
[WhiteTitle "GM"]
[WhiteElo "2481"]
[BlackElo "2158"]
[WhiteFideId "5801605"]
[BlackFideId "4902912"]
[EventDate "2023.02.15"]

1. d4 Nf6 2. c4 g6 3. h4 Bg7 4. Nc3 d6 5. e4 e5 6. dxe5 dxe5 7. Qxd8+ Kxd8 8.
Be2 h6 9. f4 Ng4 10. h5 Nc6 11. hxg6 Nd4 12. Bxg4 Bxg4 13. Kf2 fxg6 14. Nf3 exf4
15. Bxf4 Bxf3 16. gxf3 g5 17. Be3 Rf8 18. Bxd4 Bxd4+ 19. Kg2 Bxc3 20. bxc3 Rf6
21. Rh5 Kd7 22. Rah1 Raf8 23. R1h3 Rf4 24. Rxh6 g4 25. Rh7+ Kc8 26. R3h4 gxf3+
27. Kf2 Rxh4 28. Rxh4 Kd7 29. a4 Rf7 30. a5 Kd6 31. Rh5 a6 32. Rd5+ Ke6 33. c5
Rf4 34. Rh5 Kd7 35. Rh7+ Kc6 36. Re7 Rf8 37. c4 Rf4 38. Re5 Kd7 39. Rd5+ Ke6 40.
Rd4 Ke7 41. Rd3 Rxe4 42. Rb3 Rxc4 43. Rxb7 Rxc5 44. Ra7 Kd7 45. Rxa6 Rf5 46. Ra8
Kc6 47. a6 Rf7 48. Rb8 1-0

[Event "Cambridge Int Open 2023"]
[Site "Cambridge ENG"]
[Date "2023.02.18"]
[Round "8.5"]
[White "Bosiocic, Marin"]
[Black "Ismail, Mohammed Aayan"]
[Result "1-0"]
[WhiteTitle "GM"]
[WhiteElo "2564"]
[BlackElo "2211"]
[WhiteFideId "14507927"]
[BlackFideId "465135"]
[EventDate "2023.02.15"]

1. Nf3 Nf6 2. g3 g6 3. Bg2 Bg7 4. O-O O-O 5. c4 d6 6. b3 e5 7. Bb2 c6 8. d3 Re8
9. Qc2 Nbd7 10. Nc3 Nc5 11. b4 Na6 12. a3 Bf5 13. e4 Bg4 14. h3 Bxf3 15. Bxf3
Nc7 16. Ne2 Ne6 17. Bg2 Nh5 18. Rad1 Qb6 19. Bf3 Nf6 20. Bc3 h5 21. Kh2 h4 22.
gxh4 Nh7 23. Bg4 Rf8 24. f4 f5 25. Bf3 fxe4 26. Bxe4 exf4 27. Bxg7 Kxg7 28. Qc3+
Kh6 29. Rg1 Rf6 30. d4 d5 31. cxd5 cxd5 32. Bxd5 f3 33. Bxf3 Qd6+ 34. Rg3 Raf8
35. Qe3+ Kg7 36. Kh1 Kh8 37. d5 Ng7 38. Qc3 Nf5 39. Rxg6 Nxh4 40. Rg3 Nf5 41.
Rgg1 Re8 42. Rd3 Nh4 43. Bg4 Ng5 44. Ng3 Re5 45. Qd4 Kh7 46. Qc5 Qd8 47. Qc2 Kh8
48. Rgd1 Qf8 49. d6 Rf2 50. R3d2 Nxh3 51. d7 Rxd2 52. Qxd2 Nf2+ 53. Qxf2 Qxf2
54. d8=Q+ Kg7 55. Rd7+ Kg6 56. Qg8+ 1-0

[Event "Cambridge Int Open 2023"]
[Site "Cambridge ENG"]
[Date "2023.02.18"]
[Round "8.6"]
[White "Czopor, Maciej"]
[Black "Bazakutsa, Svyatoslav"]
[Result "1-0"]
[WhiteTitle "FM"]
[BlackTitle "FM"]
[WhiteElo "2412"]
[BlackElo "2330"]
[WhiteFideId "21805431"]
[BlackFideId "14198525"]
[EventDate "2023.02.15"]

1. e4 c5 2. Nf3 Nc6 3. Bb5 e6 4. O-O Nd4 5. Nxd4 cxd4 6. c3 a6 7. Be2 Bc5 8. Na3
d5 9. cxd4 Ba7 10. d3 Ne7 11. Nc2 O-O 12. Be3 Bd7 13. Qd2 Bc6 14. Bf3 Qd7 15.
Rac1 Rac8 16. Rfd1 Rfd8 17. Qe1 h6 18. h4 Rc7 19. Bf4 Rcc8 20. h5 Bb5 21. b3 Bb6
22. a4 Bc6 23. Qb4 Ba7 24. Ne3 Kh8 25. Ng4 f6 26. Bg3 Ng8 27. e5 f5 28. Ne3 b5
29. Bh4 Rf8 30. a5 Bb7 31. Rxc8 Qxc8 32. Kh2 Rf7 33. g3 Qe8 34. Ng2 Ne7 35. Bxe7
Qxe7 36. Qxe7 Rxe7 37. Nf4 Kg8 38. Rc1 Kf7 39. Ng6 Rd7 40. g4 Bxd4 41. gxf5 exf5
42. Kg3 Bb2 43. Rc2 Ba3 44. Kf4 Ke6 45. d4 Bb4 46. Bg2 Rf7 47. Ke3 Rd7 48. Bh3
Bxa5 49. Nf8+ Ke7 50. Nxd7 Kxd7 51. Bxf5+ Kd8 52. f4 Bb4 53. Rg2 Bf8 54. Bd3 Bc6
55. Rg6 Kd7 56. f5 a5 57. f6 gxf6 58. Bf5+ Kc7 59. exf6 a4 60. bxa4 bxa4 61. Rg8
a3 62. Bb1 Bd6 63. f7 Bb5 64. f8=Q Bxf8 65. Rxf8 Bc4 66. Ra8 1-0

[Event "Cambridge Int Open 2023"]
[Site "Cambridge ENG"]
[Date "2023.02.18"]
[Round "8.7"]
[White "Payne, Matthew J"]
[Black "Roberson, Peter T"]
[Result "1-0"]
[BlackTitle "IM"]
[WhiteElo "2104"]
[BlackElo "2426"]
[WhiteFideId "417084"]
[BlackFideId "412384"]
[EventDate "2023.02.15"]

1. e4 c5 2. Nc3 Nc6 3. Bb5 Nd4 4. Nf3 a6 5. Bd3 g6 6. O-O Bg7 7. Re1 Nh6 8. Rb1
b5 9. e5 O-O 10. Be4 Rb8 11. d3 d6 12. Bf4 Nhf5 13. exd6 Nxd6 14. Nd5 Ne6 15.
Ne5 Bb7 16. Bg3 Rc8 17. Bf3 Nf5 18. Nf4 Bxf3 19. Nxf3 Ned4 20. c3 Nc6 21. Qb3 e5
22. Nd5 Re8 23. Ne3 Nxg3 24. hxg3 Qd7 25. Rbd1 Rcd8 26. Ng5 Qc7 27. a4 c4 28.
dxc4 Na5 29. Qc2 bxc4 30. Qe4 f5 31. Qh4 h6 32. Ne6 Rxd1 33. Nxc7 Rxe1+ 34. Kh2
Rf8 35. Ned5 f4 36. Ne7+ Kh7 37. Qg4 fxg3+ 38. fxg3 Rf6 39. Ne8 Rb6 40. Nxg7
Kxg7 41. Qd7 Rb7 42. Qe8 Rf1 43. Qg8+ Kf6 44. Nd5+ Kg5 45. Qd8+ Kh5 46. Qh4# 1-0

[Event "Cambridge Int Open 2023"]
[Site "Cambridge ENG"]
[Date "2023.02.18"]
[Round "8.8"]
[White "Villiers, Thomas"]
[Black "Arkell, Keith C"]
[Result "0-1"]
[WhiteTitle "CM"]
[BlackTitle "GM"]
[WhiteElo "2186"]
[BlackElo "2404"]
[WhiteFideId "427209"]
[BlackFideId "400270"]
[EventDate "2023.02.15"]

1. e4 c6 2. Nc3 d5 3. d4 dxe4 4. Nxe4 Nd7 5. Qe2 Ndf6 6. Nf3 Bg4 7. c3 Nxe4 8.
Qxe4 Nf6 9. Qf4 Bxf3 10. Qxf3 e6 11. Bd3 Be7 12. O-O O-O 13. Re1 Re8 14. Bf4 Nd5
15. Qh3 g6 16. Be5 Bd6 17. Qg3 Bxe5 18. Rxe5 Qf6 19. Rae1 Qf4 20. Qh3 b5 21.
R5e4 Qd2 22. R4e2 Qg5 23. Re5 Qf6 24. Qh6 Qf4 25. Qxf4 Nxf4 26. Bc2 Nd5 27. a4
a6 28. a5 Red8 29. Bb3 b4 30. c4 Ne7 31. Rd1 Rd6 32. c5 Rdd8 33. Re3 Ra7 34. Bc4
Nf5 35. Red3 Rad7 36. Kf1 h5 37. g3 Kg7 38. h3 Kf6 39. Rb3 Rxd4 40. Rxd4 Rxd4
41. Rxb4 Rd1+ 42. Kg2 Ra1 43. Rb6 Rxa5 44. b4 Ra4 45. Bxa6 h4 46. g4 Ne7 47. b5
cxb5 48. Bxb5 Ra3 49. Rb7 Nd5 50. Be8 Nf4+ 51. Kh2 Rxh3+ 52. Kg1 Rc3 53. Rxf7+
Kg5 54. c6 Kxg4 55. c7 Kh3 56. Bb5 Rc1+ 57. Bf1+ Kg4 58. Kh2 Nd5 59. Bh3+ Kg5
60. c8=Q Rxc8 61. Bxe6 Rc5 62. Bxd5 Rxd5 63. Ra7 Rd3 64. Ra4 Kh5 65. Ra5+ Kh6
66. Ra6 Rf3 67. Kg2 Rf4 68. Ra5 g5 69. Ra8 Kh5 70. f3 Rb4 71. Rh8+ Kg6 72. Rg8+
Kf6 73. Rf8+ Kg7 74. Rf5 Kg6 75. Rf8 Rb2+ 76. Kg1 Rb6 77. Kg2 Rf6 78. Ra8 Re6
79. Rf8 Rd6 80. Ra8 Rd2+ 81. Kg1 Kf5 82. Rf8+ Ke5 83. Kf1 Kd4 84. Rg8 h3 85.
Rxg5 Rd1+ 86. Ke2 Ra1 87. Rg4+ Kd5 88. Rg5+ Ke6 89. Ke3 h2 90. Re5+ Kxe5 0-1

[Event "Cambridge Int Open 2023"]
[Site "Cambridge ENG"]
[Date "2023.02.18"]
[Round "8.9"]
[White "Fava, Lorenzo"]
[Black "Gormally, Daniel W"]
[Result "1/2-1/2"]
[BlackTitle "GM"]
[WhiteElo "2089"]
[BlackElo "2448"]
[WhiteFideId "2837434"]
[BlackFideId "406465"]
[EventDate "2023.02.15"]

1. e4 c5 2. Nf3 d6 3. Bb5+ Nd7 4. c4 Nf6 5. Nc3 e6 6. d4 cxd4 7. Qxd4 Be7 8. O-O
O-O 9. Bxd7 Bxd7 10. b3 Bc6 11. Bb2 Qa5 12. Qd2 Qh5 13. Rfe1 Ng4 14. Ba3 Rfd8
15. Rad1 h6 16. Qc1 Bg5 17. Qc2 Bf4 18. h3 Nf6 19. Bc1 Be5 20. Nxe5 dxe5 21.
Rxd8+ Rxd8 22. f3 Qh4 23. Qf2 Qxf2+ 24. Kxf2 Rd3 25. Re3 Rd8 26. Ke2 b6 27. Rd3
Rxd3 28. Kxd3 Nd7 29. Be3 Kf8 30. a4 Nc5+ 31. Kc2 a5 32. Bxc5+ bxc5 33. h4 g5
34. hxg5 hxg5 35. g4 Ke7 36. Kd3 1/2-1/2

[Event "Cambridge Int Open 2023"]
[Site "Cambridge ENG"]
[Date "2023.02.18"]
[Round "8.10"]
[White "Dong, Bao Nghia"]
[Black "Anand, Batsukh"]
[Result "1-0"]
[WhiteTitle "FM"]
[BlackTitle "FM"]
[WhiteElo "2361"]
[BlackElo "2197"]
[WhiteFideId "12400343"]
[BlackFideId "4903510"]
[EventDate "2023.02.15"]

1. e4 c5 2. Nf3 e6 3. d4 cxd4 4. Nxd4 Nc6 5. Nc3 a6 6. Be2 Qc7 7. O-O Nf6 8. Be3
Be7 9. f4 d6 10. Kh1 O-O 11. Qe1 Nxd4 12. Bxd4 b5 13. a3 Bb7 14. Qg3 g6 15. Bf3
Rad8 16. Rae1 Qd7 17. Rd1 Qc7 18. h4 Nd7 19. h5 e5 20. Be3 exf4 21. Bxf4 Ne5 22.
Rf2 Bf6 23. Nd5 Bxd5 24. Rxd5 Qe7 25. Rf1 Rfe8 26. c3 Nc4 27. b3 Ne5 28. Be2 Rb8
29. Rfd1 Rb6 30. a4 bxa4 31. bxa4 Rc8 32. Qh3 Rc7 33. a5 Rbc6 34. c4 g5 35. Bxe5
Bxe5 36. h6 Qe6 37. Qh5 Qf6 38. Rb1 Rc8 39. Qh3 Rf8 40. c5 dxc5 41. Bc4 Bf4 42.
g3 Be3 43. Qg4 Qc3 44. Qe2 Rxh6+ 45. Kg2 Rf6 46. Rb3 Qa1 47. Qxe3 h6 48. Qc3
Qxc3 49. Rxc3 Rb8 50. Rf5 Rb2+ 51. Kf3 Rd6 52. Rxf7 Rd4 53. Rd7+ Kf8 54. Rxd4
cxd4 55. Ra3 h5 56. Bxa6 Ke7 57. e5 h4 58. gxh4 gxh4 59. Ke4 Rb4 60. Bd3 h3 61.
Ra2 Rb8 62. Rh2 Ra8 63. a6 Rh8 64. Kxd4 Kd7 65. Rxh3 Rd8 66. Rh6 Kc7+ 67. Kc4
Kb8 68. Rh7 Rc8+ 69. Kd4 Rc6 70. Bc4 Rb6 71. a7+ 1-0